000 00963nam a2200277 i 4500
001 175433
003 ES-MaACL
005 20251218174609.0
007 t|
008 101027s1977 sp o r ||||1| spa d
020 _a84-369-0173-8
080 _a75 Úrculo, Eduardo
080 _a929 Úrculo, Eduardo
100 1 _aMoya, Carlos.
_9184026
245 1 0 _aÚrculo /
_cCarlos Moya.
260 _a[Madrid] :
_bDirección General del Patrimonio Artístico y Cultural,
_cD. L. 1977.
300 _a111 p. :
_bfot. col. y n. ;
_c17 cm.
490 1 _aArtistas españoles contemporáneos. Pintores ;
_v136
504 _aBibliografía: p. 111.
600 0 _aÚrculo, Eduardo,
_9234294
_d1938-2003
710 0 _aEspaña.
_bDirección General del Patrimonio Artístico y Cultural.
_93790
830 0 _aArtistas españoles contemporáneos. Pintores
_v136
_9189664
852 _aES-MaACL
_j2261-F-89
_xOlim P-1916
942 _2udc
999 _c175433
_d175433